Statistics for Countries that start with K

Click here to take the quiz!

General Stats

  • This quiz has been taken 57 times
    (36 since last reset)
  • The average score is 5 of 6

Answer Stats

HintAnswer% Correct
1Kazakhstan
100%
6Kyrgyzstan
87%
2Kenya
83%
3Kiribati
80%
4Kosovo
77%
5Kuwait
73%

Score Distribution

Percentile by Number Answered

Percent of People with Each Score

Your Score History

You have not taken this quiz since the last reset